Proyecto sobre empleo rural, estado y políticas públicas en Centroamérica. Sección El Salavador /

Saved in:
Bibliographic Details
Main Author: Colindres, Eduardo
Other Authors: Mena Rodríguez, David, Villacorta, Jorge
Format: Text
Published: San Salvador :
Tags: Add Tag
No Tags, Be the first to tag this record!

MARC

LEADER 00000 a a2200000 04500
001 16403
003
040
090 |a 013100  
100 |a Colindres, Eduardo  
245 |a Proyecto sobre empleo rural, estado y políticas públicas en Centroamérica. Sección El Salavador /  |c Eduardo Colindres 
260 |a San Salvador :  
300 |a 30 p.  
700 |a Mena Rodríguez, David  
700 |a Villacorta, Jorge  
999 |c 9427  |d 9427